00657nam a2200157 a 450000100100000000500170001000800410002704000250006808200150009310000350010824501730014326000320031630000210034895201130036999900170048200003717120200930080203.0120222c1984 cu 000 0 spa d aDO-SdBNPbspacBNPHU axxxxbE43i1 aElizagaray, Alga Marina96358210aNos interesa todo :bantología de materiales teóricos sobre la literatura, la pedagogía y el arte soviéticos para niños y jóvenes /cAlga Marina Elizagaray. aCuba :bGente Nueva,c1984. a325 p. ;c20 cm. 001050718MOaGRbGRcCTd2012-02-22iLF1l0oxxxx E43ip37171-10r2020-06-25w2020-06-25y1ZNo se presta c36661d36661